Condicionantes de la conciencia social del asalariado de la caña (proyecto de investigación)

Gorde:
Xehetasun bibliografikoak
Egile nagusia: Li Kam, Sui Moy
Formatua: Texto
Argitaratua: San José: UCR. Facultad de Ciencias Sociales
Etiketak: Etiketa erantsi
Etiketarik gabe, Izan zaitez lehena erregistro honi etiketa jartzen!

MARC

LEADER 00000 a a2200000 04500
001 16429
003
040
090 |a 012200  
100 |a Li Kam, Sui Moy  
245 |a Condicionantes de la conciencia social del asalariado de la caña (proyecto de investigación)  
260 |a San José:   |b UCR. Facultad de Ciencias Sociales  
300 |a 62 p.  
999 |c 14578  |d 14578